| 000 | 00885nam a22002777a 4500 | ||
|---|---|---|---|
| 001 | 001011 | ||
| 003 | DO-SdBNP | ||
| 005 | 20171121100540.0 | ||
| 007 | 001011 | ||
| 008 | 160810b 2000 mx spa d | ||
| 020 | _a968190723X | ||
| 040 |
_aBPMSU _bspa _cBPMSU |
||
| 082 | 4 |
_a864.08 _bO74b |
|
| 092 |
_a _b |
||
| 245 | 0 | 3 |
_aEl oro del barroco : _bantología de textos en prosa de los Siglos de Oro / _6selección y prólogo Aurelio González |
| 260 |
_aMéxico : _bAlfaguara, _c2000. |
||
| 300 |
_a245 p. ; _c22 cm. |
||
| 504 | _aIncluye referencias bibliográficas y notas al pie de las páginas. | ||
| 650 | 4 |
_aENSAYOS ESPAÑOLES _vCOLECCIONES |
|
| 650 | 4 |
_aLITERATURA ESPAÑOLA _xCOLECCIONES |
|
| 700 | 1 | _aGonzález, Aurelio | |
| 942 |
_2ddc _cBK |
||
| 945 | _aInventariado, 2017/MFF | ||
| 956 |
_aBTAVÁREZ _b10 _c20161008 _d001011 |
||
| 956 |
_aVMATEO _b10 _c20160928 _dBPMSU _20069 |
||
| 999 |
_c11142 _d11142 |
||